History Quiz

Random History or Year Quiz

Timeline of US Presidents Quiz Stats

 Plays Quiz Updated Jul 3, 2017

Score 0/44 Timer 10:00
2 Plays Today
% Correct
Barack Obama
86.2%
George Washington
84.7%
Donald Trump
84.6%
Bill Clinton
84.1%
Ronald Reagan
83.7%
Franklin D. Roosevelt
83%
George W. Bush
82.8%
John F. Kennedy
82.8%
George H. W. Bush
80.7%
Lyndon B. Johnson
80%
Richard Nixon
80%
Jimmy Carter
79%
Harry S. Truman
78.6%
John Adams
77.5%
Thomas Jefferson
77.3%
Gerald Ford
76.7%
Dwight D. Eisenhower
76.1%
Abraham Lincoln
75.3%
James Madison
73.1%
Woodrow Wilson
72.1%
James Monroe
68.9%
Ulysses S. Grant
68.9%
% Correct
Grover Cleveland
68.2%
Herbert Hoover
67.7%
Andrew Johnson
66.8%
Theodore Roosevelt
66.4%
John Quincy Adams
63.3%
Calvin Coolidge
63.2%
Andrew Jackson
62.5%
William McKinley
62.1%
Warren G. Harding
60%
William H. Taft
59.9%
James Buchanan
59.2%
Martin Van Buren
57%
John Tyler
53.7%
Rutherford B. Hayes
52.9%
Chester A. Arthur
52.3%
Franklin Pierce
50.7%
Benjamin Harrison
50.3%
James K. Polk
49.1%
William Henry Harrison
47%
Millard Fillmore
46.8%
Zachary Taylor
41%
James A. Garfield
40.5%

You're not logged in!

Compare scores with friends on all Sporcle quizzes.
OR
Log In

Show Comments

Extras

Top Quizzes Today


Score Distribution

Your Account Isn't Verified!

In order to create a playlist on Sporcle, you need to verify the email address you used during registration. Go to your Sporcle Settings to finish the process.

Report this User

Report this user for behavior that violates our Community Guidelines.

Details: